Compendio de ciencia política (Registro nro. 5658)

Detalles MARC
000 -LEADER
fixed length control field 01168 a2200205 4500
001 - CONTROL NUMBER
control field 54583
005 - DATE AND TIME OF LATEST TRANSACTION
control field 20260407155820.0
008 - FIXED-LENGTH DATA ELEMENTS--GENERAL INFORMATION
fixed length control field 260407a1979 arg spa d
003 - CONTROL NUMBER IDENTIFIER
control field AR-UNSa-BCEJYS
040 ## - CATALOGING SOURCE
Original cataloging agency AR-UNSa-BCEJYS
Language of cataloging spa
Transcribing agency AR-UNSa-BCEJYS
080 ## - UNIVERSAL DECIMAL CLASSIFICATION NUMBER
Universal Decimal Classification number 32
Common auxiliary subdivision Política
041 ## - LANGUAGE CODE
Language code of text/sound track or separate title spa
100 1# - MAIN ENTRY--PERSONAL NAME
Personal name Melo, Artemio Luis
245 10 - TITLE STATEMENT
Title Compendio de ciencia política
Name of part/section of a work Teoría política I
264 #1 - PRODUCTION, PUBLICATION, DISTRIBUTION, MANUFACTURE, AND COPYRIGHT NOTICE
Place of production, publication, distribution, manufacture Buenos Aires :
Name of producer, publisher, distributor, manufacturer Ediciones Depalma
Date of production, publication, distribution, manufacture, or copyright notice 1979
300 ## - PHYSICAL DESCRIPTION
Extent 383 p.
Dimensions 23 cm.
505 ## - FORMATTED CONTENTS NOTE
Formatted contents note Vol. I: 1. El conocimiento de lo político – 2. Sistematización teórica – 3. Sistematización general – 4. La realidad política – 5. La acción política – 6. El comportamiento político – 7. El poder político – 8. La autoridad política – 9. La relación del poder basada en la negociación – 10. La relación del poder basada en el liderazgo político – 11. La dominación política – 12. Las bases de legitimidad del poder político – 13. Teoría de la clase política o dirigente – 14. Teoría de la burocracia – 15. El sistema político – 16. Proceso del sistema político.
590 ## - LOCAL NOTE (RLIN)
Local note niveau_biblio:m niveau_hierar:0
942 ## - ADDED ENTRY ELEMENTS (KOHA)
Koha item type
Existencias
Withdrawn status Lost status Damaged status Not for loan Home library Current library Shelving location Date acquired Total checkouts Full call number Barcode Date last seen Price effective from Koha item type
        Biblioteca Prof. Eusebio Cleto del Rey Biblioteca Prof. Eusebio Cleto del Rey   07/04/2026   32 M528 v.1 L13754 07/04/2026 07/04/2026 Libro